Państwa Afryki - Quiz na mapie - Statystyki

Ogólne statystyki
  • Ten quiz został rozwiązany 134 razy
  • Średni wynik to 31 z 54
Odpowiedzi na mapie
Odpowiedzi zakodowano w zielono-czerwonej skali na mapie do tego quizu, zgodnie z poniższymi procentami.
 
Statystyki odpowiedzi
Odpowiedź % Poprawnych
Algieria
85%
Egipt
83%
Maroko
83%
Libia
76%
Tunezja
76%
Czad
72%
Madagaskar
72%
Sudan
72%
Etiopia
71%
Somalia
71%
Mali
70%
Sudan Południowy
70%
Republika Środkowoafrykańska
67%
Dżibuti
66%
Niger
66%
Nigeria
66%
Erytrea
65%
Republika Południowej Afryki
65%
Demokratyczna Republika Konga
63%
Mauretania
61%
Kamerun
60%
Republika Zielonego Przylądka
59%
Angola
55%
Senegal
55%
Wyspy Świętego Tomasza i Książęca
55%
Kenia
54%
Namibia
54%
Wybrzeże Kości Słoniowej
54%
Botswana
52%
Gwinea Równikowa
52%
Lesotho
52%
Kongo
51%
Mozambik
51%
Seszele
51%
Tanzania
51%
Liberia
50%
Uganda
50%
Burkina Faso
49%
Eswatini
49%
Togo
49%
Malawi
48%
Rwanda
46%
Sierra Leone
46%
Burundi
45%
Gabon
45%
Ghana
45%
Komory
45%
Zambia
45%
Zimbabwe
45%
Gwinea
44%
Gambia
43%
Mauritius
43%
Gwinea Bissau
41%
Benin
38%
Nie znaleziono quizów pasujących do podanych kryteriów
Rozkład punktacji
Procent ludzi z każdym wynikiem
Percentyl według liczby udzielonych odpowiedzi
Twoja historia wyników
Nie rozwiązałeś tego quizu